[Event "ch-AUS 2024"]
[Site "Adelaide AUS"]
[Date "2024.01.05"]
[Round "5.11"]
[White "Bukreyev, Andriy"]
[Black "Lee, Aaron James"]
[Result "1/2-1/2"]
[WhiteTitle "CM"]
[WhiteElo "1967"]
[BlackElo "2051"]
[WhiteFideId "3242730"]
[BlackFideId "3232409"]
[EventDate "2024.01.02"]
[EventType "swiss"]

1. e4 d5 2. exd5 Qxd5 3. d4 Nc6 4. Nf3 Bg4 5. Be2 O-O-O 6. c4 Qf5 7. O-O Nxd4 8.
Nxd4 Bxe2 9. Qxe2 Rxd4 10. Be3 Rd8 11. Bxa7 e6 12. Be3 Nf6 13. Nc3 Ng4 14. Rad1
Bd6 15. h3 Qe5 16. g3 Nxe3 17. Qxe3 Qxe3 18. fxe3 f5 19. e4 g6 20. Kg2 Be5 21.
exf5 Bxc3 22. bxc3 exf5 23. Rd4 Rhe8 24. Kf3 c5 25. Rd5 b6 26. Rfd1 Kc7 27. g4
fxg4+ 28. hxg4 Rxd5 29. cxd5 b5 30. Rb1 Kd6 31. Rxb5 Kxd5 32. Rb7 h5 33. gxh5
gxh5 34. Rh7 Re5 35. Kf4 Re2 36. Rxh5+ Kc4 37. a4 Re8 38. Re5 Ra8 39. Ke3 Rxa4
40. Re4+ Kb3 41. Rxa4 Kxa4 42. Ke4 Ka5 43. Ke5 Ka4 44. Ke4 1/2-1/2

[Event "ch-AUS 2024"]
[Site "Adelaide AUS"]
[Date "2024.01.05"]
[Round "5.12"]
[White "Dragicevic, Domagoj"]
[Black "De Vas, Saminda"]
[Result "1-0"]
[WhiteTitle "FM"]
[WhiteElo "2040"]
[BlackElo "1801"]
[WhiteFideId "3203328"]
[BlackFideId "9905260"]
[EventDate "2024.01.02"]
[EventType "swiss"]

1. e4 c5 2. Nf3 Nc6 3. d4 cxd4 4. Nxd4 g6 5. Nc3 Bg7 6. Be3 Nf6 7. Bc4 O-O 8.
Bb3 Re8 9. O-O d6 10. h3 a6 11. Qd2 Na5 12. Bh6 Bh8 13. Rfe1 b5 14. a4 Nxb3 15.
cxb3 b4 16. Nd5 Nxd5 17. exd5 Qb6 18. Nc6 e6 19. Rac1 a5 20. dxe6 Bxe6 21. Qxd6
Qb7 22. Rc5 Bxb2 23. Nxa5 Qd7 24. Qxd7 Bxd7 25. Rxe8+ Rxe8 26. Nc4 Bc3 27. a5
Bf5 28. a6 Bc2 29. a7 Be4 30. Nd6 1-0

[Event "ch-AUS 2024"]
[Site "Adelaide AUS"]
[Date "2024.01.05"]
[Round "5.13"]
[White "Li, Hui"]
[Black "Rice, Leah"]
[Result "1-0"]
[WhiteTitle "CM"]
[WhiteElo "1988"]
[BlackElo "1525"]
[WhiteFideId "15400310"]
[BlackFideId "5824605"]
[EventDate "2024.01.02"]
[EventType "swiss"]

1. e4 c6 2. d4 d5 3. Nd2 h6 4. c3 dxe4 5. Nxe4 Bf5 6. Ng3 Bh7 7. Nf3 e6 8. Bd3
Bxd3 9. Qxd3 Nf6 10. Bf4 Nd5 11. Bd2 Be7 12. O-O-O Qc7 13. Kb1 Nd7 14. Qe2 O-O-O
15. Ne5 Nxe5 16. dxe5 Qb6 17. Ka1 Bc5 18. Ne4 Rd7 19. Qc4 Be7 20. Qb3 Rhd8 21.
Kb1 f5 22. exf6 Nxf6 23. Nxf6 Qxb3 24. axb3 Rxd2 25. Rxd2 Rxd2 26. Nh5 g5 27.
Rf1 Bc5 28. Nf6 Rxf2 29. Rxf2 Bxf2 30. h3 Bc5 31. Kc2 Kd8 32. Kd3 Bf8 33. g4 e5
34. Ke4 Ke7 35. Kf5 Kf7 36. Ne4 b6 37. Kxe5 Ke7 38. Kf5 Kf7 39. Nf2 Bd6 40. Nd3
a6 41. b4 a5 42. bxa5 bxa5 43. b3 c5 44. c4 Bb8 45. Nxc5 Bf4 46. Ne4 Bc7 47. Nc3
Bb6 48. Nd5 Bc5 49. Nf6 Be3 50. Ne4 Bf4 51. h4 Be3 52. hxg5 hxg5 53. Nxg5+ Kg7
54. Ne4 Kf7 55. g5 Kg7 56. g6 Bb6 57. c5 Bc7 58. Ng5 Bb8 59. Ne6+ Kh8 60. c6 1-0

[Event "ch-AUS 2024"]
[Site "Adelaide AUS"]
[Date "2024.01.05"]
[Round "6.1"]
[White "Sardana, Rishi"]
[Black "Liu, Yi"]
[Result "1-0"]
[WhiteTitle "IM"]
[BlackTitle "FM"]
[WhiteElo "2470"]
[BlackElo "2260"]
[WhiteFideId "25004301"]
[BlackFideId "3210588"]
[EventDate "2024.01.02"]
[EventType "swiss"]

1. e4 e6 2. d4 d5 3. e5 c5 4. c3 Nc6 5. Nf3 Qb6 6. a3 c4 7. Nbd2 Na5 8. Rb1 Bd7
9. h4 Qc7 10. Be2 Ne7 11. O-O O-O-O 12. Ng5 Be8 13. b4 cxb3 14. Nxb3 Nxb3 15.
Qxb3 h6 16. Nf3 Nc6 17. Be3 Na5 18. Qa2 Kb8 19. Rfc1 Bc6 20. Nd2 Qd7 21. a4 Be7
22. g3 Rc8 23. Bb5 Rc7 24. Bxc6 Rxc6 25. c4 Nxc4 26. Nxc4 dxc4 27. Rxc4 Qd5 28.
Rbc1 Rhc8 29. Rxc6 Rxc6 30. Qxd5 Rxc1+ 31. Bxc1 exd5 32. f4 b5 33. axb5 Kb7 34.
f5 Kb6 35. f6 gxf6 36. Bxh6 Kxb5 37. h5 a5 38. Bc1 a4 39. h6 Bf8 40. exf6 Bxh6
41. Bxh6 a3 42. Bc1 a2 43. Bb2 Kc4 44. g4 Kb3 45. Ba1 Kc2 46. g5 Kb1 47. Bc3 Kc2
48. Ba1 Kb1 49. g6 Kxa1 50. gxf7 Kb2 51. f8=Q a1=Q+ 52. Kg2 Qd1 53. Qb8+ Kc2 54.
Qf4 1-0

[Event "ch-AUS 2024"]
[Site "Adelaide AUS"]
[Date "2024.01.05"]
[Round "6.2"]
[White "Asaka, Samuel"]
[Black "Litchfield, Frederick"]
[Result "1-0"]
[BlackTitle "FM"]
[WhiteElo "2125"]
[BlackElo "2176"]
[WhiteFideId "3228690"]
[BlackFideId "3218295"]
[EventDate "2024.01.02"]
[EventType "swiss"]

1. d4 e6 2. c4 b6 3. e4 Bb7 4. Bd3 f5 5. exf5 Bb4+ 6. Kf1 Nf6 7. a3 Bd6 8. Nc3
O-O 9. h4 Nc6 10. Nf3 Kh8 11. Rh3 exf5 12. Bxf5 Qe8 13. Bc2 Qh5 14. Bg5 Rae8 15.
b4 Qg4 16. Bxf6 gxf6 17. Qd3 Rf7 18. Qf5 Qg7 19. Be4 Rg8 20. g3 Qh6 21. Rh1 Bc8
22. c5 bxc5 23. bxc5 Bxg3 24. fxg3 Qe3 25. Nd1 Ba6+ 26. Kg2 Qe2+ 27. Nf2 Ne7 28.
Qf4 f5 29. Ng5 Rxg5 30. hxg5 Ng6 31. Qf3 Qd2 32. Bd5 Be2 33. Qb3 Rf8 34. Ra2
Qxg5 35. Rxe2 Nf4+ 36. Kf1 Nxe2 37. Kxe2 Re8+ 38. Kf3 c6 39. Bf7 Rf8 40. Rh4 a5
41. Bc4 Re8 42. Qd3 a4 43. d5 Kg7 44. Qd4+ Kg6 45. Nh3 1-0

[Event "ch-AUS 2024"]
[Site "Adelaide AUS"]
[Date "2024.01.05"]
[Round "6.3"]
[White "Le, Tri Kien"]
[Black "Ryjanova, Julia"]
[Result "1/2-1/2"]
[WhiteTitle "CM"]
[BlackTitle "WGM"]
[WhiteElo "2243"]
[BlackElo "2285"]
[WhiteFideId "12411027"]
[BlackFideId "4127714"]
[EventDate "2024.01.02"]
[EventType "swiss"]

1. d4 Nf6 2. c4 e6 3. Nc3 Bb4 4. Qc2 d5 5. cxd5 exd5 6. Bg5 c5 7. dxc5 Be6 8. e3
Nbd7 9. a3 Bxc5 10. Bd3 h6 11. Bh4 Rc8 12. Nge2 O-O 13. O-O Be7 14. Rfd1 Qb6 15.
Nd4 Nc5 16. Qe2 Nxd3 17. Qxd3 Rfd8 18. Rab1 a6 19. f3 Qd6 20. Rd2 Re8 21. Rbd1
Qb6 22. Bf2 Qa5 23. h3 b5 24. Nce2 b4 25. axb4 Bxb4 26. Rc2 Rxc2 27. Qxc2 Rc8
28. Qb1 Qc7 29. Bh4 Be7 30. Bg3 Qb6 31. Bf2 Qb7 32. g4 Nd7 33. Nf4 Nf8 34. Kg2
Rb8 35. Rd2 Bf6 36. Nd3 Nd7 37. Qa2 Rc8 38. Nxe6 fxe6 39. Nf4 Nf8 40. Qa3 Rc4
41. Nh5 Be7 42. Qd3 Rc1 43. Rc2 Rxc2 44. Qxc2 Bd6 45. Be1 Qc7 46. Qd3 Be5 47. b3
Qc1 1/2-1/2

[Event "ch-AUS 2024"]
[Site "Adelaide AUS"]
[Date "2024.01.05"]
[Round "6.4"]
[White "Phan, Nguyen Mai Chi"]
[Black "Tao, Trevor"]
[Result "0-1"]
[WhiteTitle "WFM"]
[BlackTitle "IM"]
[WhiteElo "2122"]
[BlackElo "2364"]
[WhiteFideId "12401684"]
[BlackFideId "3201961"]
[EventDate "2024.01.02"]
[EventType "swiss"]

1. d4 Nf6 2. Nf3 e6 3. Bf4 b6 4. e3 Bb7 5. Bd3 Be7 6. O-O Nh5 7. Nbd2 O-O 8. Qe2
d6 9. g4 Nxf4 10. exf4 Nd7 11. Ne4 c5 12. c3 c4 13. Bc2 b5 14. Rfe1 Nb6 15. h3
Qd7 16. Ng3 Rae8 17. Nh2 Bd8 18. Rad1 a5 19. Qd2 g6 20. g5 f5 21. h4 h6 22. f3
Qh7 23. h5 gxh5 24. Kf2 Nd5 25. Ne2 Kf7 26. Rg1 Rg8 27. Nf1 Qg6 28. Ne3 hxg5 29.
Nxd5 Bxd5 30. a4 g4 31. axb5 Bxf3 32. Ra1 Bd5 33. b4 cxb3 34. Bd3 h4 35. c4 g3+
36. Ke1 Bf3 37. Rxa5 Bxa5 38. Qxa5 Qf6 39. Qa7+ Re7 40. Qb6 h3 41. Rxg3 Rxg3 42.
Nxg3 Qh4 43. Kf2 Qxf4 44. Bf1 0-1

[Event "ch-AUS 2024"]
[Site "Adelaide AUS"]
[Date "2024.01.05"]
[Round "6.5"]
[White "Lane, Gary W"]
[Black "Solomon, Stephen J"]
[Result "1-0"]
[WhiteTitle "IM"]
[BlackTitle "IM"]
[WhiteElo "2342"]
[BlackElo "2277"]
[WhiteFideId "3203301"]
[BlackFideId "3200043"]
[EventDate "2024.01.02"]
[EventType "swiss"]

1. e4 e5 2. Nf3 Nf6 3. d4 Nxe4 4. Bd3 d5 5. Nxe5 Nd7 6. Nxd7 Bxd7 7. O-O Bd6 8.
c4 c6 9. Nc3 O-O 10. cxd5 Nxc3 11. bxc3 cxd5 12. Qh5 g6 13. Qxd5 Bc6 14. Qg5
Qxg5 15. Bxg5 Kg7 16. c4 b6 17. Be3 Rfd8 18. Rab1 Rac8 19. Rfe1 Bc5 20. dxc5
Rxd3 21. cxb6 axb6 22. Rxb6 Ba4 23. c5 Rc6 24. h3 h6 25. Rxc6 Bxc6 26. Rb1 Bd5
27. a4 g5 28. Rb6 Ra3 29. Ra6 Bb7 30. Ra7 Bd5 31. a5 Ra4 32. Ra6 Bc4 33. Ra8 Bd5
34. Rd8 Be4 35. f3 Bc6 36. Rd6 Bb5 37. Rb6 Be2 38. c6 Ra1+ 39. Kh2 Ra2 40. c7
Bxf3 41. Bd4+ Kh7 42. Bb2 1-0

[Event "ch-AUS 2024"]
[Site "Adelaide AUS"]
[Date "2024.01.05"]
[Round "6.6"]
[White "Jordan, William"]
[Black "Zhang, Jilin"]
[Result "1/2-1/2"]
[WhiteTitle "FM"]
[BlackTitle "WGM"]
[WhiteElo "2143"]
[BlackElo "2170"]
[WhiteFideId "3200876"]
[BlackFideId "8602867"]
[EventDate "2024.01.02"]
[EventType "swiss"]

1. e4 c5 2. Nf3 d6 3. Bc4 Nf6 4. Qe2 Nc6 5. c3 g6 6. O-O Bg7 7. d4 cxd4 8. cxd4
Bg4 9. Rd1 d5 10. exd5 Nxd5 11. Nc3 Nxc3 12. bxc3 O-O 13. h3 Bf5 14. a4 Rc8 15.
Ba2 Qa5 16. Bb2 Qc7 17. Re1 Bf6 18. Qe3 h5 19. Qh6 Bg7 20. Qd2 Bf6 21. Qh6 Bg7
22. Qd2 Bf6 1/2-1/2

[Event "ch-AUS 2024"]
[Site "Adelaide AUS"]
[Date "2024.01.05"]
[Round "6.7"]
[White "Nguyen Hong Anh"]
[Black "Annapureddy, Rheyansh Reddy"]
[Result "1-0"]
[WhiteTitle "WIM"]
[WhiteElo "2020"]
[BlackElo "1866"]
[WhiteFideId "12406732"]
[BlackFideId "3244806"]
[EventDate "2024.01.02"]
[EventType "swiss"]

1. d4 Nf6 2. c4 g6 3. g3 Bg7 4. Bg2 O-O 5. e4 c5 6. d5 d6 7. Nc3 e6 8. Nge2 exd5
9. cxd5 Re8 10. O-O b5 11. e5 Rxe5 12. Bf4 Re7 13. Nxb5 Ne8 14. Nec3 Rb7 15. Re1
Bd7 16. Nxd6 Nxd6 17. Bxd6 Rxb2 18. Be7 Qa5 19. Ne4 Ba4 20. Qf3 Nd7 21. Ng5 Rxf2
22. Qxf2 Bd4 23. Re3 Ne5 24. Kh1 Rb8 25. Qe1 Qxe1+ 26. Rexe1 Nd3 27. Rf1 Nf2+
28. Rxf2 Bxf2 29. Bf6 Be3 30. d6 h6 31. Ne4 c4 32. Nc3 Bd7 33. Rf1 Bc5 34. Ne4
Be3 35. Be5 Bf5 36. Nf6+ Kf8 37. d7 1-0

[Event "ch-AUS 2024"]
[Site "Adelaide AUS"]
[Date "2024.01.05"]
[Round "6.8"]
[White "Leong, Benjamin"]
[Black "Melamed, Daniel"]
[Result "0-1"]
[WhiteTitle "CM"]
[BlackTitle "CM"]
[WhiteElo "1879"]
[BlackElo "1988"]
[WhiteFideId "3238512"]
[BlackFideId "3229076"]
[EventDate "2024.01.02"]
[EventType "swiss"]

1. e4 c5 2. Nc3 e6 3. f4 Nc6 4. Nf3 Nge7 5. d4 cxd4 6. Nxd4 d5 7. e5 Nxd4 8.
Qxd4 Nf5 9. Qf2 Bd7 10. Bd3 g6 11. g4 Be7 12. Ne2 Nh4 13. Be3 Qa5+ 14. c3 Bb5
15. Bxb5+ Qxb5 16. O-O-O a5 17. Nd4 Qc4 18. Kb1 a4 19. f5 gxf5 20. gxf5 Nxf5 21.
Nxf5 Qe4+ 22. Ka1 exf5 23. Rhf1 a3 24. b3 Rg8 25. Rd2 Rc8 26. Bd4 Rc6 27. Re2
Qg4 28. Qe1 Qh3 29. Qf2 Rcg6 30. Qf4 Rg2 31. Rxg2 Rxg2 32. Rf3 Qxh2 33. Qxh2
Rxh2 34. Kb1 Rh1+ 35. Kc2 Ra1 36. b4 Rxa2+ 37. Kb3 Rh2 38. Kxa3 b5 39. Rxf5 h5
40. Kb3 h4 41. Bc5 h3 42. Rh5 Rh1 43. e6 fxe6 44. Rh8+ Kd7 45. Rh7 h2 46. Rxe7+
Kd8 47. Kb2 Re1 0-1

[Event "ch-AUS 2024"]
[Site "Adelaide AUS"]
[Date "2024.01.05"]
[Round "6.9"]
[White "Soo, Kai Jie"]
[Black "Dragicevic, Domagoj"]
[Result "1/2-1/2"]
[WhiteTitle "FM"]
[BlackTitle "FM"]
[WhiteElo "2058"]
[BlackElo "2040"]
[WhiteFideId "5803454"]
[BlackFideId "3203328"]
[EventDate "2024.01.02"]
[EventType "swiss"]

1. d4 d5 2. c4 dxc4 3. e4 Nc6 4. Nf3 Bg4 5. d5 Ne5 6. Bf4 Ng6 7. Bg3 Nf6 8. h3
Bd7 9. e5 Ne4 10. Bxc4 Nxg3 11. fxg3 e6 12. O-O Bc5+ 13. Kh2 O-O 14. Qb3 exd5
15. Bxd5 Qe7 16. Qxb7 Nxe5 17. Qxa8 Rxa8 18. Bxa8 Bb5 19. Rh1 c6 20. Nbd2 Nxf3+
21. Nxf3 Bf2 22. a4 Be2 23. Rhe1 Bxe1 24. Rxe1 g6 25. Bxc6 Qf6 26. Rxe2 Qxc6 27.
b3 Qc5 28. Re4 Kg7 29. h4 h6 30. Re5 Qc3 31. Rb5 a5 32. Ne5 g5 33. Nf3 f6 34. h5
Kf7 35. g4 Kg7 36. Rb7+ Kg8 37. Rb5 Kf7 38. Ng1 Qc7+ 39. Kh3 Qc3+ 40. Nf3 Kg7
41. Rb6 Kf7 42. Rb8 Kg7 43. Rb5 Kf7 44. Rf5 Kg7 45. Kh2 Qc7+ 46. Kh1 Qc1+ 47.
Ng1 Qc3 48. Rf3 Qe1 49. Rh3 Qe4 50. Rg3 Qe1 51. Kh2 Qd1 52. Nh3 Qe2 53. Rf3 Qe5+
54. Kh1 Qe1+ 55. Kh2 Qe5+ 56. Rg3 Qe1 57. Ng1 Kf7 58. Nf3 Qd1 59. Kh3 Ke6 60.
Nh2 Kd5 61. Rf3 Ke6 62. Nf1 Kf7 63. Ng3 Qe1 64. Nf5 Qh1+ 65. Kg3 Qe1+ 66. Kh2
Kf8 67. Rg3 Qe4 68. Nxh6 Kg7 69. Nf5+ Kh7 70. Kh3 Qe1 71. Re3 Qh1+ 72. Kg3 Qd1
73. Re7+ Kh8 74. Re8+ Kh7 75. Re3 Kh8 76. Rf3 Kh7 77. Kh2 Qe2 78. Kh3 Qe1 79.
Ng3 Kg7 80. Rd3 Kh7 81. Rd7+ Kh8 82. Rb7 Qc3 83. Rb6 Kh7 84. b4 f5 85. Rb7+ Kh8
86. Rb8+ Kh7 87. Rb7+ Kh8 88. Rb8+ Kh7 89. Kh2 Qc7 90. Rb5 f4 91. Ne4 f3+ 92.
Kh3 fxg2 93. Kxg2 Qc2+ 94. Nf2 Qc6+ 95. Kf1 Qc4+ 96. Kg1 axb4 97. Rb7+ Kg8 98.
a5 b3 99. a6 b2 100. a7 Qa2 101. Rxb2 Qxa7 102. Rb5 Qe3 103. Kg2 Qc1 104. Rf5
Qd2 105. Kg3 Qe3+ 106. Rf3 Qe5+ 107. Kg2 Qe2 108. Kg3 Qe5+ 109. Kh3 Qe2 110. Rf5
Qe3+ 111. Kh2 Qd2 112. Kg2 Qe3 113. Rd5 Kh8 114. Rd8+ Kg7 115. Rd3 Qe2 116. Rg3
Kg8 117. Kg1 Qe1+ 118. Kg2 Qe2 119. Rb3 Kg7 120. Rb7+ Kg8 121. Rb6 Qd2 122. Re6
Qd5+ 123. Re4 Kg7 124. Kg1 Qc5 125. Re1 Qd4 126. Re2 Qc4 127. Kf1 Qf4 128. Kg2
Qc4 129. Re5 Qc6+ 130. Ne4 Qc2+ 131. Kh3 Qd3+ 132. Ng3 Qd2 133. Re7+ Kh8 134.
Re8+ Kh7 135. Re7+ Kh8 136. Rf7 Qe3 137. Rf1 Qd3 138. Rf2 Qe3 139. Kg2 Qd4 140.
Rf8+ Kh7 141. Kh3 Qd3 142. Rf2 Qe3 143. Rg2 Qf3 144. Rg1 Qe3 145. Kh2 Qf4 146.
Kh3 Qe3 147. Rf1 Qd3 148. Re1 Qc3 149. Re7+ Kh8 150. Kg2 Qd2+ 151. Re2 Qd5+ 152.
Ne4 Qd3 1/2-1/2

[Event "ch-AUS 2024"]
[Site "Adelaide AUS"]
[Date "2024.01.05"]
[Round "6.10"]
[White "Li, Hui"]
[Black "Salasan, Haran"]
[Result "1/2-1/2"]
[WhiteTitle "CM"]
[BlackTitle "CM"]
[WhiteElo "1988"]
[BlackElo "1952"]
[WhiteFideId "15400310"]
[BlackFideId "3221253"]
[EventDate "2024.01.02"]
[EventType "swiss"]

1. e4 e6 2. d4 d5 3. Nd2 Nf6 4. e5 Nfd7 5. Bd3 c5 6. c3 Nc6 7. Ne2 cxd4 8. cxd4
f6 9. exf6 Nxf6 10. O-O Bd6 11. Nf3 Qc7 12. g3 O-O 13. Bf4 Ng4 14. Bxd6 Qxd6 15.
Nc3 e5 16. dxe5 Qh6 17. h4 Ngxe5 18. Be2 1/2-1/2

[Event "ch-AUS 2024"]
[Site "Adelaide AUS"]
[Date "2024.01.05"]
[Round "6.11"]
[White "Hernandez Mendez, Iker"]
[Black "Rodgers, Jack"]
[Result "0-1"]
[BlackTitle "FM"]
[WhiteElo "1834"]
[BlackElo "2059"]
[WhiteFideId "3243214"]
[BlackFideId "3220885"]
[EventDate "2024.01.02"]
[EventType "swiss"]

1. e4 c5 2. Nf3 g6 3. c3 Bg7 4. d4 cxd4 5. cxd4 d5 6. e5 Bg4 7. Bb5+ Nd7 8. Nbd2
e6 9. O-O a6 10. Be2 Ne7 11. h3 Bxf3 12. Nxf3 O-O 13. Re1 Rc8 14. Bf4 Nc6 15.
Qd2 f6 16. exf6 Bxf6 17. Bf1 Re8 18. Rac1 Qb6 19. Be3 Be7 20. Red1 Bb4 21. Qd3
Bd6 22. Qb1 Qd8 23. Bg5 Be7 24. Bxe7 Qxe7 25. Rc3 Nf6 26. Re3 Nh5 27. g3 Qf6 28.
Ne5 Nxe5 29. Rxe5 Rc6 30. Rc1 Rf8 31. Rc2 Rxc2 32. Qxc2 Nxg3 33. Bg2 Nf5 34. Qc3
Ng7 35. Re2 Nh5 36. Rc2 Nf4 37. Bf1 Kg7 38. Qe3 Rf7 39. Rc8 Qg5+ 40. Kh2 Qf5 41.
Rc1 g5 42. Bg2 Ng6 43. Kg1 h5 44. Re1 Nf4 45. Rc1 Qf6 46. Kf1 Ng6 47. Rc2 Qf5
48. Qd2 Nf4 49. Qc3 h4 50. Rd2 Qb1+ 0-1

[Event "ch-AUS 2024"]
[Site "Adelaide AUS"]
[Date "2024.01.05"]
[Round "6.12"]
[White "Lee, Aaron James"]
[Black "Leaver, Kyle"]
[Result "1/2-1/2"]
[WhiteElo "2051"]
[BlackElo "2062"]
[WhiteFideId "3232409"]
[BlackFideId "3228410"]
[EventDate "2024.01.02"]
[EventType "swiss"]

1. e4 c5 2. Nf3 d6 3. d4 cxd4 4. Nxd4 Nf6 5. Nc3 a6 6. Bg5 e6 7. f4 Be7 8. Qf3
Qc7 9. O-O-O Nbd7 10. Bd3 b5 11. Rhe1 Bb7 12. Qg3 b4 13. Nd5 exd5 14. e5 dxe5
15. fxe5 Nh5 16. Qh4 Bxg5+ 17. Qxg5 g6 18. e6 Nc5 19. exf7+ Kxf7 20. Rf1+ Kg8
21. Nf5 Ne6 22. Nh6+ Kg7 23. Nf5+ Kg8 24. Nh6+ Kg7 25. Nf5+ Kg8 26. Qh6 Nhf4 1/2-1/2

[Event "ch-AUS 2024"]
[Site "Adelaide AUS"]
[Date "2024.01.05"]
[Round "6.13"]
[White "Bukreyev, Andriy"]
[Black "De Vas, Saminda"]
[Result "1-0"]
[WhiteTitle "CM"]
[WhiteElo "1967"]
[BlackElo "1801"]
[WhiteFideId "3242730"]
[BlackFideId "9905260"]
[EventDate "2024.01.02"]
[EventType "swiss"]

1. e4 c5 2. Nf3 g6 3. c3 Nf6 4. e5 Nd5 5. d4 cxd4 6. cxd4 d6 7. Bc4 Nb6 8. Bb3
Bg7 9. Bf4 dxe5 10. Bxe5 O-O 11. Nc3 Nc6 12. Bxg7 Kxg7 13. h3 e6 14. O-O Ne7 15.
Qd2 Nbd5 16. Ne5 h5 17. Ne4 f6 18. Nc4 b6 19. Rfe1 Bd7 20. Rac1 b5 21. Ne3 Qb6
22. Nxd5 Nxd5 23. Bxd5 exd5 24. Nc5 Rf7 25. Re3 Bf5 26. Rce1 Raf8 27. b4 Qd6 28.
Ra3 Bc8 29. f4 Re7 30. Rae3 Rfe8 31. h4 Bf5 32. g3 Be4 33. R1e2 f5 34. Kf2 a6
35. Ra3 Ra8 36. Ra5 Rea7 37. Qc3 Kf6 38. Re3 Ke7 39. a4 bxa4 40. Rxa4 Qb6 41.
Qa3 Ke8 42. Ra5 Kf7 43. Qa4 Rb8 44. b5 Rba8 1-0

[Event "ch-AUS 2024"]
[Site "Adelaide AUS"]
[Date "2024.01.07"]
[Round "7.1"]
[White "Sardana, Rishi"]
[Black "Asaka, Samuel"]
[Result "1-0"]
[WhiteTitle "IM"]
[WhiteElo "2470"]
[BlackElo "2125"]
[WhiteFideId "25004301"]
[BlackFideId "3228690"]
[EventDate "2024.01.02"]
[EventType "swiss"]

1. c4 e6 2. Nf3 d5 3. g3 Nf6 4. Bg2 d4 5. O-O c5 6. d3 Nc6 7. e3 Bd6 8. exd4
cxd4 9. Na3 O-O 10. Nc2 e5 11. Bg5 h6 12. Bxf6 Qxf6 13. Nd2 Qg6 14. Ne4 Be7 15.
Rb1 a6 16. b4 b5 17. c5 Rb8 18. Re1 Bb7 19. Nd2 f5 20. a4 Bf6 21. axb5 axb5 22.
Na3 Ba8 23. Ra1 Bg5 24. Bd5+ Kh8 25. Nf3 Rfd8 26. Nxe5 Nxe5 27. Bxa8 Ng4 28. Bf3
Nf6 29. c6 Bf4 30. Qb3 h5 31. Re7 Bd6 32. Qf7 Qxf7 33. Rxf7 Kg8 34. Rb7 Rxb7 35.
cxb7 Bxb4 36. Nxb5 Nd7 37. Ra8 Nb8 38. Nxd4 g6 39. Nc6 1-0

[Event "ch-AUS 2024"]
[Site "Adelaide AUS"]
[Date "2024.01.07"]
[Round "7.2"]
[White "Tao, Trevor"]
[Black "Le, Tri Kien"]
[Result "1/2-1/2"]
[WhiteTitle "IM"]
[BlackTitle "CM"]
[WhiteElo "2364"]
[BlackElo "2243"]
[WhiteFideId "3201961"]
[BlackFideId "12411027"]
[EventDate "2024.01.02"]
[EventType "swiss"]

1. e4 c5 2. Nf3 d6 3. Bb5+ Nd7 4. c4 Nf6 5. Nc3 g6 6. d4 cxd4 7. Nxd4 Bg7 8. O-O
O-O 9. Bxd7 Bxd7 10. b3 a6 11. Bb2 b5 12. Qd3 bxc4 13. Qxc4 Qa5 14. Rfd1 e5 15.
Nc2 Rfc8 16. Qb4 Qc7 17. Ne3 Bc6 18. Ncd5 Nxd5 19. Nxd5 Bxd5 20. Rxd5 Qc2 21.
Rd2 a5 22. Qxd6 Qxe4 23. Qd5 Qxd5 24. Rxd5 f6 25. Rc1 Bf8 26. g4 a4 27. Rxc8
Rxc8 28. bxa4 Rc4 29. g5 fxg5 30. a5 e4 31. Bd4 Ra4 32. Bb6 Rxa2 33. Rxg5 Kf7
34. Rb5 Ke6 35. h4 Bd6 36. h5 Be5 37. hxg6 hxg6 38. Be3 Bc7 39. Bb6 Be5 40. Kg2
Ra3 41. Bc5 Ra4 42. Kh3 Bd4 43. Bxd4 Rxd4 44. Kg3 Rd3+ 45. Kf4 Rf3+ 46. Kxe4
Rxf2 47. Rb6+ Kd7 48. Rxg6 Ra2 49. a6 Kc7 50. a7 Rxa7 51. Rg7+ Kb6 52. Rxa7 Kxa7 1/2-1/2

[Event "ch-AUS 2024"]
[Site "Adelaide AUS"]
[Date "2024.01.07"]
[Round "7.3"]
[White "Litchfield, Frederick"]
[Black "Lane, Gary W"]
[Result "1-0"]
[WhiteTitle "FM"]
[BlackTitle "IM"]
[WhiteElo "2176"]
[BlackElo "2342"]
[WhiteFideId "3218295"]
[BlackFideId "3203301"]
[EventDate "2024.01.02"]
[EventType "swiss"]

1. d4 f5 2. c4 Nf6 3. Nc3 g6 4. h4 d6 5. Nf3 Bg7 6. Bg5 Ne4 7. g3 c5 8. Bg2 Nc6
9. Be3 cxd4 10. Nxd4 Nxd4 11. Bxd4 e5 12. Be3 Nxc3 13. bxc3 e4 14. Bd4 Be5 15.
h5 g5 16. Qb3 Qe7 17. Rb1 b6 18. g4 Rb8 19. e3 O-O 20. c5+ Be6 21. cxd6 Bxd6 22.
Qb5 Rbc8 23. gxf5 Rxf5 24. Qe2 Bc4 25. Qg4 Rcf8 26. Rb2 Bd3 27. Rd2 Bc5 28. f4
exf3 29. Rxd3 fxg2 30. Qxg2 Bxd4 31. cxd4 h6 32. Rb3 Qc7 33. Kd1 Kh8 34. Re1 Rf2
35. Qe4 Rxa2 36. Qg6 Ra1+ 37. Kd2 Ra2+ 38. Kd1 Ra1+ 39. Kd2 Rf2+ 40. Re2 Rxe2+
41. Kxe2 Qc4+ 42. Rd3 Qa2+ 43. Kf3 g4+ 44. Ke4 Qg2+ 45. Ke5 Ra5+ 46. d5 Qf3 47.
Qxh6+ Kg8 48. Qg6+ Kf8 49. Qd6+ Kg7 50. Qg6+ Kf8 51. Qf6+ Qxf6+ 52. Kxf6 g3 53.
h6 Kg8 54. e4 1-0

[Event "ch-AUS 2024"]
[Site "Adelaide AUS"]
[Date "2024.01.07"]
[Round "7.5"]
[White "Liu, Yi"]
[Black "Nguyen Hong Anh"]
[Result "1/2-1/2"]
[WhiteTitle "FM"]
[BlackTitle "WIM"]
[WhiteElo "2260"]
[BlackElo "2020"]
[WhiteFideId "3210588"]
[BlackFideId "12406732"]
[EventDate "2024.01.02"]
[EventType "swiss"]

1. Nf3 d5 2. d4 Nf6 3. e3 g6 4. Be2 c5 5. dxc5 Qa5+ 6. Nbd2 Bg7 7. a3 Qxc5 8. b4
Qc3 9. Ra2 O-O 10. Bb2 Qc7 11. O-O Bd7 12. c4 dxc4 13. Nxc4 Bb5 14. Be5 Qd7 15.
Rd2 Qc8 16. Qc2 Nc6 17. Bb2 Rd8 18. Rxd8+ Qxd8 19. Rd1 Qf8 20. Qb3 Rd8 21. Rxd8
Qxd8 22. a4 Bxc4 23. Bxc4 e6 24. h3 Qd6 25. Bc3 Nd5 26. Bxg7 Kxg7 27. Bxd5 Qxd5
28. Qxd5 exd5 29. b5 Nb8 30. Kf1 f6 31. Ke2 Kf7 32. g4 Nd7 33. Nd4 Ke7 34. a5
Kd6 35. a6 bxa6 36. bxa6 Kc7 37. Ne6+ Kd6 38. Nd4 Kc7 39. Ne6+ 1/2-1/2

[Event "ch-AUS 2024"]
[Site "Adelaide AUS"]
[Date "2024.01.07"]
[Round "7.6"]
[White "Solomon, Stephen J"]
[Black "Jordan, William"]
[Result "1-0"]
[WhiteTitle "IM"]
[BlackTitle "FM"]
[WhiteElo "2277"]
[BlackElo "2143"]
[WhiteFideId "3200043"]
[BlackFideId "3200876"]
[EventDate "2024.01.02"]
[EventType "swiss"]

1. e4 d5 2. exd5 Nf6 3. d4 Bg4 4. f3 Bf5 5. Bb5+ Nbd7 6. g4 Bg6 7. Nc3 Nxd5 8.
Nxd5 c6 9. h4 h5 10. Nf4 Qa5+ 11. c3 Qxb5 12. Nxg6 fxg6 13. Qc2 O-O-O 14. c4 Qb6
15. Bg5 Qxd4 16. Ne2 Qd6 17. Rd1 Qc5 18. Nf4 hxg4 19. Ne6 Qa5+ 20. Kf2 Qf5 21.
Qxf5 gxf5 22. Rd2 g6 23. Nxd8 Bh6 24. Bxh6 1-0